000 00417nmm a2200157Ia 4500
008 251105s9999||||xx |||||||||||||||||und||
041 _aspa
100 _aMcallister, Anne
245 0 _aUna noche para el recuerdo
264 _a[Madrid, España] :
_bHarlequin,
_c2012
300 _a160 páginas
490 _aBianca
650 _aRomance
856 _uhttps://public.digitaliapublishing.com/a/50161
942 _cCF
999 _c98587
_d98587